000 00561nam a2200229Ia 4500
003 OSt
005 20231016164723.0
008 210210b1886 xxu||||| |||| 00| 0 eng d
040 _cAL
041 _aeng
082 _a823/285
100 _aSHAKESPEARE (William)
_9138207
245 _aMuch ado about nothing
260 _aLondon
_bJ B Lippincott Company.,
_c1886
650 _anothing
_9138208
650 _aMuch
_9138209
650 _aado
_9138210
650 _aabout
_9138211
690 _aEnglish Drama
_9138212
906 _a013830
942 _2ddc
_cBK
999 _c132898
_d132898